MARC details
| 000 -LEADER |
| fixed length control field |
01054cam a22003614a 4500 |
| 001 - CONTROL NUMBER |
| control field |
|
| 003 - CONTROL NUMBER IDENTIFIER |
| control field |
OSt |
| 005 - DATE AND TIME OF LATEST TRANSACTION |
| control field |
20220107122801.0 |
| 008 - FIXED-LENGTH DATA ELEMENTS--GENERAL INFORMATION |
| fixed length control field |
021223s2003 enka b 001 0 eng |
| 010 ## - LIBRARY OF CONGRESS CONTROL NUMBER |
| LC control number |
|
| 020 ## - INTERNATIONAL STANDARD BOOK NUMBER |
| International Standard Book Number |
9780521733113 |
| 040 ## - CATALOGING SOURCE |
| Original cataloging agency |
|
| Transcribing agency |
IIITMK |
| Modifying agency |
|
| 042 ## - AUTHENTICATION CODE |
| Authentication code |
|
| 050 00 - LIBRARY OF CONGRESS CALL NUMBER |
| Classification number |
|
| Item number |
|
| 082 00 - DEWEY DECIMAL CLASSIFICATION NUMBER |
| Classification number |
511.6 PEM/C |
| Edition number |
|
| 100 1# - MAIN ENTRY--PERSONAL NAME |
| Personal name |
Pemmaraju, Sriram V. |
| Dates associated with a name |
|
| 9 (RLIN) |
7090 |
| 245 10 - TITLE STATEMENT |
| Title |
Computational discrete mathematics: |
| Remainder of title |
Combinatorics and graph theory with Mathematica |
| Statement of responsibility, etc. |
Sriram Pemmaraju, Steven Skiena. |
| 260 ## - PUBLICATION, DISTRIBUTION, ETC. |
| Place of publication, distribution, etc. |
New Delhi, |
| Name of publisher, distributor, etc. |
Cambridge University Press, |
| Date of publication, distribution, etc. |
2003. |
| 300 ## - PHYSICAL DESCRIPTION |
| Extent |
xiii, 480 p. |
| Other physical details |
|
| Dimensions |
|
| 504 ## - BIBLIOGRAPHY, ETC. NOTE |
| Bibliography, etc. note |
Includes bibliographical references (p. 448-457) and index. |
| 630 00 - SUBJECT ADDED ENTRY--UNIFORM TITLE |
| Uniform title |
|
| 9 (RLIN) |
7091 |
| 650 #0 - SUBJECT ADDED ENTRY--TOPICAL TERM |
| Topical term or geographic name entry element |
COMPUTATIONAL DISCRETE MATHEMATICS |
| 9 (RLIN) |
7092 |
| 650 #0 - SUBJECT ADDED ENTRY--TOPICAL TERM |
| Topical term or geographic name entry element |
COMBINATORIAL ANALYSIS |
| 9 (RLIN) |
7093 |
| 650 #0 - SUBJECT ADDED ENTRY--TOPICAL TERM |
| Topical term or geographic name entry element |
GRAPH THEORY |
| General subdivision |
|
| 9 (RLIN) |
7094 |
| 650 #0 - SUBJECT ADDED ENTRY--TOPICAL TERM |
| Topical term or geographic name entry element |
MATHEMATICA |
| 9 (RLIN) |
7095 |
| 650 #0 - SUBJECT ADDED ENTRY--TOPICAL TERM |
| Topical term or geographic name entry element |
COMBINATORICS |
| 9 (RLIN) |
7096 |
| 700 1# - ADDED ENTRY--PERSONAL NAME |
| Personal name |
Skiena, Steven S. |
| 9 (RLIN) |
7097 |
| 856 41 - ELECTRONIC LOCATION AND ACCESS |
| Materials specified |
|
| 856 42 - ELECTRONIC LOCATION AND ACCESS |
| Materials specified |
|
| 856 42 - ELECTRONIC LOCATION AND ACCESS |
| Materials specified |
|
| 942 ## - ADDED ENTRY ELEMENTS (KOHA) |
| Source of classification or shelving scheme |
Dewey Decimal Classification |
| Koha item type |
Books |